Hunger Games quiz ITA - Statistics

Statistiche generali
  • Questo quiz è stato fatto 238 volte
  • Il punteggio medio è 17 su 25
Statistiche sulle risposte
Indizio Risposta % Corretto
Protagonista Katniss Everdeen
98%
Quanti distretti competono nei giochi? 12
95%
Il "partner" di Katniss all'interno dei giochi Peeta Mellark
93%
Presidente di Panem Coriolanus Snow
90%
La sorella minore di Katniss Primrose
90%
Quale attrice interpreta la protagonista all'interno del film? Jennifer Lawrence
86%
Nome dello stato post-apocalittico Panem
85%
L'amico di caccia di Katniss Gale Hawthorne
81%
Ragazzina con la quale Katniss stringe un'alleanza nei giochi Rue
81%
Quale distretto é stato distrutto da Capitol durante i giorni bui 13
80%
Il mentore ubriacone di Katniss Haymitch Abernathy
76%
Il secondo libro della saga La ragazza di fuoco
76%
Il terzo libro della saga Il canto della rivolta
75%
Nome dell'autrice Suzanne Collins
71%
Cosa raccoglieva per lavorare il padre di Katniss Carbone
65%
Conduttore televisivo degli HG Caesar Flickerman
62%
Lo stilista di Katniss Cinna
61%
La figlia del sindaco dà una ______ a Katniss Spilla
61%
Bacche velenose con le quali Katniss e Peeta vogliono suicidarsi Morso della notte
48%
Soprannome che Gale dà a Katniss Catnip
46%
Il nome del gatto di Prim Ranuncolo
39%
La figlia del sindaco Madge Undersee
36%
La donna anziana che vende la zuppa al Forno Sae la zozza
35%
Zona povera del distretto 12, dove abitano i minatori Il giacimento
28%
Il nome della capra di Prim Lady
26%
Nessun quiz corrispondente trovato
Distribuzione punteggi
Percentuale di utenti per punteggio
Percentile per numero di risposta
I tuoi punteggi nel tempo
Non hai fatto questo quiz